Southville International School and Colleges
Your cart is empty.
  • Cart
  • Lists
    Public lists Eva Luna New books Lux_list list_1
    Your lists Log in to create your own lists
  • Log in to your account
  • Your cookies
  • Search history
Southville International School and Colleges
  • Advanced search
  • Recent comments
  • Most popular
  • Libraries

Log in to your account

Log in with GOOGLE


If you do not have an external account, but do have a local account, you can still log in:

  1. Home
  2. MARC view: File structures : an object-oriented approach with C++. /
Normal view MARC view ISBD view

File structures : an object-oriented approach with C++. / (Record no. 16142)

[ view plain ]
MARC details
000 -LEADER
fixed length control field 00699nam a22002297a 4500
003 - CONTROL NUMBER IDENTIFIER
control field OSt
005 - DATE AND TIME OF LATEST TRANSACTION
control field 20140310182809.0
008 - FIXED-LENGTH DATA ELEMENTS--GENERAL INFORMATION
fixed length control field 130218t xxu||||| |||| 00| 0 eng d
020 ## - INTERNATIONAL STANDARD BOOK NUMBER
International Standard Book Number 0201526417
050 ## - LIBRARY OF CONGRESS CALL NUMBER
Classification number QA 76.73.C153
Item number .F65 1999
082 ## - DEWEY DECIMAL CLASSIFICATION NUMBER
Classification number QA 76.73 C153
Item number .F65 1999
245 ## - TITLE STATEMENT
Title File structures : an object-oriented approach with C++. /
Statement of responsibility, etc Michael J. Folk, Bill Zoellick, Greg Riccardi
260 ## - PUBLICATION, DISTRIBUTION, ETC. (IMPRINT)
Place of publication, distribution, etc Reading, Mass.
Name of publisher, distributor, etc Addison-Wesley
Date of publication, distribution, etc 1999
300 ## - PHYSICAL DESCRIPTION
Extent 724 p. :
Dimensions 20 cm
Other physical details ill ;
521 ## - TARGET AUDIENCE NOTE
Target audience note
526 ## - STUDY PROGRAM INFORMATION NOTE
Reading level
562 ## - COPY AND VERSION IDENTIFICATION NOTE
Number of copies 1
650 ## - SUBJECT ADDED ENTRY--TOPICAL TERM
Topical term or geographic name as entry element 1. C++ ( Computer program language )
650 ## - SUBJECT ADDED ENTRY--TOPICAL TERM
Topical term or geographic name as entry element 2. File organization ( Computer science )
942 ## - ADDED ENTRY ELEMENTS (KOHA)
Source of classification or shelving scheme Library of Congress Classification
Koha item type Books
Call number prefix Foreign
Holdings
Withdrawn status Lost status Source of classification or shelving scheme Damaged status Home library Current library Shelving location Date acquired Total Checkouts Full call number Barcode Date last seen Copy number Price effective from Koha item type
    Library of Congress Classification   College Library College Library General Circulation Section 12/03/2013   QA 76.73.C153 .F65 1999 C0391 05/15/2018 1 12/03/2013 Books

File structures : an object-oriented approach with C++. /

APA

(1999). File structures : an object-oriented approach with C++. Reading, Mass: Addison-Wesley.

Chicago

1999. File structures : an object-oriented approach with C++. Reading, Mass: Addison-Wesley.

Harvard

(1999). File structures : an object-oriented approach with C++. Reading, Mass: Addison-Wesley.

MLA

File structures : an object-oriented approach with C++. Reading, Mass: Addison-Wesley. 1999.

  • Place hold
  • Print
  • Cite
  • Add to your cart (remove)
  • Save record
    BIBTEX Dublin Core MARCXML MARC (non-Unicode/MARC-8) MARC (Unicode/UTF-8) MARC (Unicode/UTF-8, Standard) MODS (XML) RIS
  • More searches
    Search for this title in:
    Other Libraries (WorldCat) Other Databases (Google Scholar) Online Stores (Bookfinder.com) Open Library (openlibrary.org)

Exporting to Dublin Core...

SOUTHVILLE LIBRARY

Southville International School and Colleges Library

1281 Tropical Ave. Cor. Luxembourg St., BF Homes International, Las Pinas City

Tel. No. 8256374 / 252358 Loc. 117/146

Powered by Koha